| 000 | 01393cam a2200361 a 4500 | ||
|---|---|---|---|
| 001 | 000015432 | ||
| 005 | 20200929164035.0 | ||
| 008 | 911001s1986 ck a b f100 0 spa d | ||
| 020 | _a9589028225 | ||
| 020 | _a9589028349 | ||
| 035 | _a(DLC) 91201378 | ||
| 035 | _a(OCoLC)17249344 | ||
| 040 |
_aDO-SdBNP _bspa _cBNPHU _dDLC |
||
| 082 |
_a342.861 _bS612n |
||
| 111 | 1 |
_aSimposio Núñez-Caro _d(1986 : _cCartagena, Colombia) _934834 |
|
| 245 | 1 | 0 |
_aNúñez y Caro 1886 : _bdocumentos del Simposio Núñez-Caro, Cartagena, mayo de 1986 / _cJaime Jaramillo Uribe ... [et al.]. |
| 260 |
_aBogotá : _bBanco de la República, _cc1986. |
||
| 300 |
_a147 p. : _bil. ; _c20 cm. |
||
| 490 | 1 |
_aBibliográfica Banco de la República _aHistoria colombiana |
|
| 504 | _aIncludes bibliographical references. | ||
| 600 | 1 | 0 |
_aNUÑEZ, RAFAEL, _d1825-1894. _925606 |
| 600 | 1 | 0 |
_aCARO, MIGUEL ANTONIO, _d1843-1909. _932470 |
| 651 | 4 |
_aColombia _xHistoria _y1832-1886 _920224 |
|
| 650 | 4 |
_aColombia _xHistoria constitucional _934835 |
|
| 700 | 1 |
_aJaramillo Uribe, Jaime. _932863 |
|
| 700 | 1 |
_aLamaitre, Eduardo _934836 |
|
| 700 | 1 |
_aValderrama Andrade, Carlos. _932473 |
|
| 700 | 1 |
_aRestrepo Abondano, Ignacio. _934837 |
|
| 700 | 1 |
_aMelo, Jorge Orlando. _934838 |
|
| 830 | 0 |
_aBibliográfica Banco de la República, _pHistoria colombiana _934839 |
|
| 910 | _aCatalogación por copia / LC | ||
| 049 | _aBNGR | ||
| 999 |
_c14990 _d14990 |
||